000 00310nam a2200121Ia 4500
005 20260328104255.0
008 260328s9999||||xx |||||||||||||| ||und||
100 _aSchulze, Franz
245 0 _aMies van der Rohe /
_cFranz Schulze
260 _bUniversity of Chicago Press
650 _aARQUITECTOS
942 _cBK
999 _c10401
_d10401